[Event "Sautron op 18th"]
[Site "Sautron "]
[Date "2018.10.20"]
[Round "8.10"]
[White "Neau, Julien"]
[Black "Skurygin, Anton"]
[Result "0-1"]
[WhiteElo "1901"]
[BlackElo "2294"]
[PlyCount "44"]
[EventDate "2018.10.20"]
[EventType "swiss"]
[EventRounds "9"]
[EventCountry "FRA"]
[SourceTitle "EXT 2021"]
[Source "ChessBase"]
[SourceDate "2020.10.23"]
[SourceVersion "1"]
[SourceVersionDate "2020.10.23"]
[SourceQuality "1"]

1. d4 Nf6 2. c4 e6 3. Nc3 Bb4 4. e3 0-0 5. Nge2 d6 6. a3 Bxc3+ 7. Nxc3 Nbd7 8. Bd3 e5 9. d5 Re8 10. 0-0 Nf8 11. b4 Ng6 12. Qc2 Qe7 13. Bf5 e4 14. Bxc8 Raxc8 15. f3 exf3 16. Rxf3 Ng4 17. Qf5 Qh4 18. Qxf7+ Kh8 19. h3 N4e5 20. Qf5 Rf8 21. Qe4 Nxf3+ 22. Qxf3 Rxf3 0-1

[Event "Sautron op 18th"]
[Site "Sautron "]
[Date "2018.10.20"]
[Round "5.14"]
[White "Skurygin, Anton"]
[Black "Le Gallo, Frederic"]
[Result "1-0"]
[WhiteElo "2294"]
[BlackElo "1909"]
[PlyCount "48"]
[EventDate "2018.10.20"]
[EventType "swiss"]
[EventRounds "9"]
[EventCountry "FRA"]
[SourceTitle "EXT 2021"]
[Source "ChessBase"]
[SourceDate "2020.10.23"]
[SourceVersion "1"]
[SourceVersionDate "2020.10.23"]
[SourceQuality "1"]

1. d4 Nf6 2. Nf3 e6 3. e3 c5 4. Bd3 b5 5. c3 c4 6. Bc2 Bb7 7. 0-0 Bd6 8. Nbd2 Ng4 9. e4 h5 10. Re1 Bxh2+ 11. Nxh2 Qh4 12. Ndf1 Qxf2+ 13. Kh1 Qh4 14. Be3 f5 15. Qd2 fxe4 16. Kg1 Nxh2 17. Nxh2 0-0 18. Bf2 Qe7 19. Bxe4 Nc6 20. Nf3 d5 21. Bc2 Rae8 22. Bh4 Qf7 23. Rf1 e5 24. Nxe5 Nxe5 1-0

[Event "Zudov Memorial-A 6th"]
[Site "Nizhnij Tagil"]
[Date "2010.07.04"]
[Round "11"]
[White "Yuzhakov, Oleg"]
[Black "Skurygin, Anton"]
[Result "1/2-1/2"]
[WhiteElo "2334"]
[BlackElo "2319"]
[PlyCount "108"]
[EventDate "2010.06.25"]
[EventType "tourn"]
[EventRounds "11"]
[EventCountry "RUS"]
[EventCategory "3"]
[SourceTitle "EXT 2011"]
[Source "ChessBase"]
[SourceDate "2010.11.26"]
[SourceVersion "1"]
[SourceVersionDate "2010.11.26"]
[SourceQuality "1"]

1. e4 g6 2. d4 Bg7 3. Nc3 c6 4. Nf3 d6 5. Bf4 b5 6. e5 d5 7. a3 Bg4 8. Be2 e6 9. Qd2 Nd7 10. 0-0 h5 11. a4 Bxf3 12. Bxf3 a6 13. Ra2 b4 14. Ne2 a5 15. c3 Bf8 16. b3 Nh6 17. Rc2 Nf5 18. cxb4 Bxb4 19. Qc1 Nb8 20. Bg5 Be7 21. Bxe7 Nxe7 22. Qd2 0-0 23. Nf4 Nf5 24. Bxh5 Qb6 25. Rd1 Qxd4 26. Qxd4 Nxd4 27. Rxd4 gxh5 28. Nxh5 Rc8 29. f4 Nd7 30. f5 exf5 31. Nf6+ Nxf6 32. exf6 Rab8 33. Rc3 Kf8 34. Rf4 Ke8 35. Rxf5 Kd7 36. Re5 Re8 37. Rce3 Rxe5 38. Rxe5 Kd6 39. Re7 Rxb3 40. Rxf7 Ke6 41. Rc7 Kxf6 42. Rxc6+ Ke5 43. Rc5 Ke4 44. Rxa5 Ke3 45. h4 d4 46. Re5+ Kf4 47. Rd5 Kg3 48. Kf1 d3 49. Ke1 Kxh4 50. Kd2 Ra3 51. g3+ Kg4 52. Rd4+ Kg5 53. g4 Kf6 54. Kc1 Ra2 1/2-1/2

[Event "Zudov Memorial-A 6th"]
[Site "Nizhnij Tagil"]
[Date "2010.06.28"]
[Round "4"]
[White "Skurygin, Anton"]
[Black "Kopylov, Alexander A"]
[Result "1/2-1/2"]
[WhiteElo "2319"]
[BlackElo "2452"]
[PlyCount "71"]
[EventDate "2010.06.25"]
[EventType "tourn"]
[EventRounds "11"]
[EventCountry "RUS"]
[EventCategory "3"]
[SourceTitle "EXT 2011"]
[Source "ChessBase"]
[SourceDate "2010.11.26"]
[SourceVersion "1"]
[SourceVersionDate "2010.11.26"]
[SourceQuality "1"]

1. d4 Nf6 2. Nf3 e6 3. e3 c5 4. a3 b6 5. b3 Be7 6. Bb2 0-0 7. Nbd2 Bb7 8. Bd3 d5 9. 0-0 Nbd7 10. Ne5 Rc8 11. Qe2 Ne4 12. c4 Nxd2 13. Qxd2 cxd4 14. Nxd7 Qxd7 15. Bxd4 dxc4 16. bxc4 Rfd8 17. Qc2 f5 18. Be2 Qe8 19. Qb2 Qg6 20. f3 h5 21. Rfd1 h4 22. Kf1 Bc6 23. a4 Bd6 24. Be5 Bc5 25. Bd4 Bd6 26. Be5 Bf8 27. a5 h3 28. g3 Rxd1+ 29. Bxd1 Bc5 30. axb6 Bxb6 31. Bd4 Rb8 32. Bxb6 Rxb6 33. Qd4 Qf6 34. Be2 e5 35. Qc3 Rb7 36. Kf2 1/2-1/2

[Event "Peterhof-C"]
[Site "Peterhof"]
[Date "2009.01.20"]
[Round "9"]
[White "Kobzar, Alexandr"]
[Black "Skurygin, Anton"]
[Result "1/2-1/2"]
[WhiteElo "2187"]
[BlackElo "2319"]
[PlyCount "20"]
[EventDate "2009.01.13"]
[EventType "tourn"]
[EventRounds "9"]
[EventCountry "RUS"]
[EventCategory "2"]
[SourceTitle "EXT 2010"]
[Source "ChessBase"]
[SourceDate "2010.11.25"]
[SourceVersion "1"]
[SourceVersionDate "2010.11.25"]
[SourceQuality "1"]

1. e4 g6 2. d4 Bg7 3. Nc3 c6 4. Be3 d6 5. f3 Nf6 6. Nge2 0-0 7. Qd2 Nbd7 8. 0-0-0 b5 9. Kb1 Bb7 10. h4 h5 1/2-1/2

[Event "Peterhof-C"]
[Site "Peterhof"]
[Date "2009.01.19"]
[Round "8"]
[White "Skurygin, Anton"]
[Black "Timofeev, Andrei"]
[Result "1-0"]
[WhiteElo "2319"]
[BlackElo "2216"]
[PlyCount "111"]
[EventDate "2009.01.13"]
[EventType "tourn"]
[EventRounds "9"]
[EventCountry "RUS"]
[EventCategory "2"]
[SourceTitle "EXT 2010"]
[Source "ChessBase"]
[SourceDate "2010.11.25"]
[SourceVersion "1"]
[SourceVersionDate "2010.11.25"]
[SourceQuality "1"]

1. d4 d5 2. Nf3 c6 3. e3 Nf6 4. c4 Bg4 5. Nc3 e6 6. h3 Bh5 7. g4 Bg6 8. Ne5 Nbd7 9. h4 Nxe5 10. dxe5 Nd7 11. cxd5 h5 12. dxc6 bxc6 13. Bg2 Nxe5 14. Qxd8+ Rxd8 15. g5 Nd3+ 16. Ke2 Nb4 17. Be4 Bxe4 18. Nxe4 Nd5 19. Bd2 f5 20. Nc3 Bd6 21. Rac1 Ne7 22. Na4 Be5 23. Bc3 Bxc3 24. Rxc3 Kf7 25. Rhc1 Rb8 26. b3 Rhd8 27. Nb2 Rd5 28. Nd3 Rbd8 29. R1c2 a5 30. Nf4 Rb5 31. Rc4 g6 32. Rc5 Ra8 33. Nd3 Rxc5 34. Rxc5 a4 35. Ne5+ Ke8 36. b4 Rb8 37. a3 Rb5 38. Kd3 Rxc5 39. bxc5 Kd8 40. Kc4 Kc7 41. Kb4 Kb7 42. Ka5 Ka7 43. f3 Kb7 44. e4 Ka7 45. Nf7 Kb7 46. Nd8+ Kc7 47. Nxe6+ Kd7 48. Nf4 Kc7 49. Kxa4 Kb7 50. Ka5 Ka7 51. exf5 Nxf5 52. Nxg6 Kb7 53. f4 Kc7 54. a4 Kd7 55. Kb6 Ne3 56. Kb7 1-0

[Event "Peterhof-C"]
[Site "Peterhof"]
[Date "2009.01.14"]
[Round "2"]
[White "Skurygin, Anton"]
[Black "Solovjov, Sergey"]
[Result "1/2-1/2"]
[WhiteElo "2319"]
[BlackElo "2410"]
[PlyCount "27"]
[EventDate "2009.01.13"]
[EventType "tourn"]
[EventRounds "9"]
[EventCountry "RUS"]
[EventCategory "2"]
[SourceTitle "EXT 2010"]
[Source "ChessBase"]
[SourceDate "2010.11.25"]
[SourceVersion "1"]
[SourceVersionDate "2010.11.25"]
[SourceQuality "1"]

1. d4 Nf6 2. Nf3 g6 3. c3 Bg7 4. Bf4 0-0 5. h3 d6 6. e3 Nc6 7. Be2 Qe8 8. Bh2 e5 9. dxe5 dxe5 10. 0-0 e4 11. Nd4 Nxd4 12. cxd4 Qe7 13. Qc2 c6 14. Nd2 1/2-1/2

[Event "Peterhof"]
[Site "Peterhof"]
[Date "2008.08.17"]
[Round "8"]
[White "Skurygin, Anton"]
[Black "Frolochkin, Vladimir"]
[Result "0-1"]
[WhiteElo "2252"]
[BlackElo "2311"]
[PlyCount "108"]
[EventDate "2008.08.12"]
[EventType "tourn"]
[EventRounds "11"]
[EventCountry "RUS"]
[EventCategory "2"]
[SourceTitle "CBM 125 Extra"]
[Source "ChessBase"]
[SourceDate "2008.09.01"]
[SourceVersion "1"]
[SourceVersionDate "2008.09.01"]
[SourceQuality "1"]

1. e4 e5 2. Nf3 Nc6 3. Bb5 a6 4. Ba4 Nf6 5. Bxc6 dxc6 6. d3 Nd7 7. 0-0 c5 8. b3 Bd6 9. Bb2 f6 10. Nbd2 Nf8 11. c3 Bg4 12. Nc4 Ne6 13. Ne3 Bh5 14. Nf5 Qd7 15. Ng3 Bf7 16. d4 cxd4 17. cxd4 exd4 18. Nxd4 Rd8 19. Nxe6 Bxe6 20. Qc2 0-0 21. Rad1 Qb5 22. Rfe1 Rfe8 23. Rd3 a5 24. Red1 Ra8 25. a4 Qg5 26. Bc1 Qh4 27. Rf1 Bf7 28. f4 Bg6 29. Qc4+ Kh8 30. Rdf3 h6 31. Qd5 b6 32. Be3 Rad8 33. Qc6 Re7 34. Bd4 Qg4 35. Qc3 Qd7 36. Bf2 Bb4 37. Qc2 Qd2 38. Qxd2 Rxd2 39. Be1 Bc5+ 40. Kh1 Rd1 41. f5 Bf7 42. h3 Rb1 43. Bf2 Rxf1+ 44. Nxf1 Bxf2 45. Rxf2 Bxb3 46. Nd2 Bxa4 47. g4 Bc2 48. Kh2 a4 49. Rf3 Rd7 50. Nc4 Bxe4 51. Re3 Bd3 52. Re8+ Kh7 53. Ne3 b5 54. Kg2 g5 0-1

[Event "Peterhof"]
[Site "Peterhof"]
[Date "2008.08.16"]
[Round "7"]
[White "Kotenko, Pavel"]
[Black "Skurygin, Anton"]
[Result "1-0"]
[WhiteElo "2371"]
[BlackElo "2252"]
[PlyCount "99"]
[EventDate "2008.08.12"]
[EventType "tourn"]
[EventRounds "11"]
[EventCountry "RUS"]
[EventCategory "2"]
[SourceTitle "CBM 125 Extra"]
[Source "ChessBase"]
[SourceDate "2008.09.01"]
[SourceVersion "1"]
[SourceVersionDate "2008.09.01"]
[SourceQuality "1"]

1. e4 e5 2. Nf3 Nc6 3. Bb5 a6 4. Ba4 d6 5. c3 Bd7 6. d4 Nge7 7. Bb3 h6 8. Nbd2 g6 9. Nf1 Bg7 10. Ne3 0-0 11. 0-0 Kh7 12. Re1 Na5 13. Bc2 exd4 14. cxd4 c5 15. Bd2 Nac6 16. Bc3 b5 17. dxc5 Bxc3 18. bxc3 dxc5 19. Qd6 c4 20. Rad1 Be6 21. Qc5 Qb8 22. Nd4 Nxd4 23. cxd4 Qa7 24. Qe5 Qb8 25. Qf6 Ng8 26. Qh4 Qd8 27. Qg3 Qg5 28. d5 Bd7 29. Qc7 Qd8 30. Qc5 Rc8 31. Qd4 Qc7 32. e5 Qc5 33. Qf4 Rce8 34. h4 Qe7 35. Nf1 h5 36. Ng3 Kh8 37. Re3 Bg4 38. f3 Bc8 39. Qd4 Kh7 40. Nxh5 Rd8 41. Nf4 Nh6 42. d6 Qb7 43. e6 Bxe6 44. Nxe6 fxe6 45. Rxe6 Nf5 46. Bxf5 Rxf5 47. Re7+ Qxe7 48. dxe7 Rxd4 49. Rxd4 Re5 50. Re4 1-0

[Event "Zudov Memorial-B 4th"]
[Site "Nizhnij Tagil"]
[Date "2008.07.16"]
[Round "9"]
[White "Skurygin, Anton"]
[Black "Kaiyrbekov, Rustam"]
[Result "1/2-1/2"]
[WhiteElo "2252"]
[BlackElo "2342"]
[PlyCount "163"]
[EventDate "2008.07.07"]
[EventType "tourn"]
[EventRounds "9"]
[EventCountry "RUS"]
[SourceTitle "EXT 2022"]
[Source "ChessBase"]
[SourceDate "2021.10.06"]
[SourceVersion "1"]
[SourceVersionDate "2021.10.06"]
[SourceQuality "1"]

1. d4 Nf6 2. Nf3 e6 3. e3 b6 4. Bd3 Bb7 5. Nbd2 c5 6. 0-0 cxd4 7. exd4 Be7 8. Re1 d6 9. Nf1 0-0 10. Ng3 Nbd7 11. Qe2 a6 12. a4 Qc7 13. c3 Rfe8 14. Ne4 Nxe4 15. Bxe4 Bxe4 16. Qxe4 Nf6 17. Qe2 Qb7 18. Bg5 Rac8 19. Bxf6 Bxf6 20. Rad1 Re7 21. Rd3 h6 22. Nd2 d5 23. Nf1 Rec7 24. Ne3 b5 25. axb5 Qxb5 26. Ng4 Bg5 27. g3 Rb7 28. h4 Be7 29. Rd2 Qxe2 30. Rexe2 a5 31. Ne3 a4 32. Nd1 h5 33. Rc2 Rb3 34. Kg2 Bf6 35. Red2 Rc4 36. Ne3 Rc8 37. Nd1 g6 38. Kf3 Bg7 39. Ke2 Bh6 40. Rd3 Kf8 41. Rf3 Ke7 42. Rd3 Rc7 43. Rf3 Kd8 44. Rd3 Bg7 45. Rc1 Kd7 46. Ra1 Ra7 47. Kd2 Kc6 48. Kc2 Kb5 49. Ne3 Bh6 50. Nf1 Kc4 51. Ra2 a3 52. f4 Rxb2+ 53. Rxb2 axb2 54. Nd2+ Kb5 55. Kxb2 Bf8 56. Rf3 Rb7 57. Kc2 Ra7 58. Rf1 Ra2+ 59. Kd3 Kc6 60. Rb1 Bd6 61. Re1 Bc7 62. Rb1 Ra3 63. Rb3 Ra1 64. Rb1 Rxb1 65. Nxb1 f6 66. Nd2 e5 67. fxe5 fxe5 68. dxe5 Bxe5 69. Nf1 Kc5 70. Kd2 Bb8 71. Kd3 Bc7 72. Kd2 Kd6 73. Kd3 Ke5 74. Ne3 Bb6 75. Ng2 Bf2 76. Nf4 Bxg3 77. Nxg6+ Kf6 78. Nf8 Bxh4 79. Ke2 Kf5 80. Nd7 Bf6 81. Nb6 Ke4 82. Nxd5 1/2-1/2

[Event "Zudov Memorial-B 4th"]
[Site "Nizhnij Tagil"]
[Date "2008.07.15"]
[Round "8"]
[White "Kaliberda, Vladimir"]
[Black "Skurygin, Anton"]
[Result "1/2-1/2"]
[WhiteElo "2328"]
[BlackElo "2252"]
[PlyCount "22"]
[EventDate "2008.07.07"]
[EventType "tourn"]
[EventRounds "9"]
[EventCountry "RUS"]
[SourceTitle "EXT 2022"]
[Source "ChessBase"]
[SourceDate "2021.10.06"]
[SourceVersion "1"]
[SourceVersionDate "2021.10.06"]
[SourceQuality "1"]

1. d4 Nf6 2. Nf3 e6 3. g3 d5 4. Bg2 c5 5. 0-0 Be7 6. c4 dxc4 7. Qa4+ Bd7 8. Qxc4 Qb6 9. Nc3 Bc6 10. dxc5 Qxc5 11. Qxc5 Bxc5 1/2-1/2

[Event "Zudov Memorial-B 4th"]
[Site "Nizhnij Tagil"]
[Date "2008.07.14"]
[Round "7"]
[White "Skurygin, Anton"]
[Black "Matveev, Vladimir A"]
[Result "1/2-1/2"]
[WhiteElo "2252"]
[BlackElo "2187"]
[PlyCount "185"]
[EventDate "2008.07.07"]
[EventType "tourn"]
[EventRounds "9"]
[EventCountry "RUS"]
[SourceTitle "EXT 2022"]
[Source "ChessBase"]
[SourceDate "2021.10.06"]
[SourceVersion "1"]
[SourceVersionDate "2021.10.06"]
[SourceQuality "1"]

1. d4 Nf6 2. Nf3 g6 3. c3 Bg7 4. Bf4 0-0 5. h3 b6 6. e3 Bb7 7. Be2 c5 8. 0-0 d6 9. Nbd2 Nbd7 10. Bh2 a6 11. a4 Rc8 12. Re1 Nb8 13. Bf1 d5 14. Ne5 Nc6 15. f4 Nxe5 16. fxe5 Ne4 17. Nxe4 dxe4 18. Qb3 e6 19. Rad1 Qc7 20. Bf4 c4 21. Qc2 Qe7 22. Qf2 g5 23. Bg3 Qe8 24. Ra1 f5 25. exf6 Rxf6 26. Qe2 Rf5 27. Qc2 h5 28. Be2 Qf7 29. Rf1 Bh6 30. Qd2 Bd5 31. Be5 Rf8 32. g4 hxg4 33. hxg4 Rxf1+ 34. Rxf1 Qd7 35. Rxf8+ Bxf8 36. Bd1 Bc6 37. Qh2 Qh7 38. Qxh7+ Kxh7 39. Bc7 b5 40. axb5 axb5 41. Kf2 Be7 42. Ke1 Kg7 43. Kd2 Kf7 44. b3 Ke8 45. bxc4 bxc4 46. Be2 Kd7 47. Ba5 Bb5 48. Bb4 Bd8 49. Bf8 Kc6 50. Bd1 Kd5 51. Bg7 Be7 52. Be5 Bd7 53. Bc2 Bb5 54. Kc1 Bc6 55. Bc7 Bd7 56. Bd1 Bc6 57. Kb2 Bd7 58. Ba5 e5 59. Bc7 exd4 60. cxd4 Kc6 61. Be5 Kb5 62. Bc2 Bc6 63. Bg3 Bb4 64. Kc1 Bd5 65. Be5 Be7 66. Bg3 Kb4 67. Be1+ c3 68. Kb1 Bd6 69. Kc1 Bh2 70. Bf2 Ka3 71. Be1 Bg1 72. Bxc3 Bxe3+ 73. Kd1 Bf4 74. Ke1 Ka2 75. Kf2 Bc1 76. Ke1 Bf4 77. Kf2 Ka3 78. Ke1 e3 79. Ke2 Bg2 80. Be1 Kb2 81. Ba4 Bd5 82. Bd1 Bc4+ 83. Kf3 Bd5+ 84. Ke2 Bc6 85. Kf1 Kc1 86. Be2 Bd5 87. Bd3 Kd1 88. Be2+ Kc2 89. Bb5 Be6 90. Be2 Bd5 91. Bb5 Bf3 92. Be2 Be4 93. Bb4 1/2-1/2

[Event "Zudov Memorial-B 4th"]
[Site "Nizhnij Tagil"]
[Date "2008.07.10"]
[Round "4"]
[White "Musakaev, Emil"]
[Black "Skurygin, Anton"]
[Result "1-0"]
[WhiteElo "2357"]
[BlackElo "2252"]
[PlyCount "53"]
[EventDate "2008.07.07"]
[EventType "tourn"]
[EventRounds "9"]
[EventCountry "RUS"]
[SourceTitle "EXT 2022"]
[Source "ChessBase"]
[SourceDate "2021.10.06"]
[SourceVersion "1"]
[SourceVersionDate "2021.10.06"]
[SourceQuality "1"]

1. e4 g6 2. d4 Bg7 3. Nc3 c6 4. Be3 d5 5. e5 f5 6. Qd2 e6 7. h4 h6 8. Nge2 Ne7 9. Nf4 Kf7 10. Bd3 Bxe5 11. dxe5 d4 12. 0-0-0 dxe3 13. fxe3 Qa5 14. e4 Nd7 15. exf5 gxf5 16. g4 Nxe5 17. gxf5 exf5 18. Qe2 N7g6 19. Bc4+ Kf8 20. Nxg6+ Nxg6 21. Rhg1 Ne7 22. Qh5 Rh7 23. Rd6 Nd5 24. Bxd5 cxd5 25. Nxd5 Be6 26. Rxe6 Qxd5 27. Qg6 1-0

[Event "Zudov Memorial-B 4th"]
[Site "Nizhnij Tagil"]
[Date "2008.07.07"]
[Round "1"]
[White "Grebenschikov, Vladimir"]
[Black "Skurygin, Anton"]
[Result "1/2-1/2"]
[WhiteElo "2282"]
[BlackElo "2252"]
[PlyCount "21"]
[EventDate "2008.07.07"]
[EventType "tourn"]
[EventRounds "9"]
[EventCountry "RUS"]
[SourceTitle "EXT 2022"]
[Source "ChessBase"]
[SourceDate "2021.10.06"]
[SourceVersion "1"]
[SourceVersionDate "2021.10.06"]
[SourceQuality "1"]

1. d4 d6 2. c4 e5 3. Nf3 Nd7 4. Nc3 Ngf6 5. g3 Be7 6. Bg2 0-0 7. 0-0 c6 8. Qc2 Qc7 9. Rd1 Re8 10. b3 Bf8 11. Ba3 1/2-1/2

[Event "Petrovskaya Ladya IM"]
[Site "Peterhof"]
[Date "2008.01.04"]
[Round "2"]
[White "Skurygin, Anton"]
[Black "Timofeev, Andrei"]
[Result "0-1"]
[WhiteElo "2283"]
[BlackElo "2242"]
[PlyCount "76"]
[EventDate "2008.01.03"]
[EventType "tourn"]
[EventRounds "11"]
[EventCountry "RUS"]
[EventCategory "2"]
[SourceTitle "CBM 122 Extra"]
[Source "ChessBase"]
[SourceDate "2008.03.04"]
[SourceVersion "1"]
[SourceVersionDate "2008.03.04"]
[SourceQuality "1"]

1. c4 c6 2. d4 d5 3. cxd5 cxd5 4. Nf3 Nf6 5. Nc3 Nc6 6. e3 g6 7. Be2 Bg7 8. Ne5 0-0 9. f4 Bf5 10. 0-0 Ne4 11. Bf3 Nxc3 12. bxc3 Rc8 13. Nxc6 Rxc6 14. g4 Bc8 15. Qb3 Qa5 16. Bd2 e6 17. a4 Qc7 18. Rab1 Rb6 19. Qa2 Bd7 20. Be2 Rc8 21. a5 Rxb1 22. Rxb1 a6 23. Bd3 Bc6 24. Be1 Bf8 25. Rb3 Bd6 26. Bh4 Be7 27. Bxe7 Qxe7 28. g5 Qd7 29. Qb2 e5 30. Qg2 exf4 31. exf4 Re8 32. Bf1 Re1 33. Rb2 Bb5 34. Rf2 Qe6 35. Qg3 Qe4 36. Qf3 Bxf1 37. Qxe4 Be2+ 38. Kg2 dxe4 0-1

[Event "Pavlodar-ch School"]
[Site "Pavlodar"]
[Date "2007.09.15"]
[Round "11"]
[White "Nukin, Ashat"]
[Black "Skurygin, Anton"]
[Result "0-1"]
[WhiteElo "2210"]
[BlackElo "2319"]
[PlyCount "52"]
[EventDate "2007.09.05"]
[EventType "tourn"]
[EventRounds "11"]
[EventCountry "KAZ"]
[SourceTitle "EXT 2022"]
[Source "ChessBase"]
[SourceDate "2021.10.06"]
[SourceVersion "1"]
[SourceVersionDate "2021.10.06"]
[SourceQuality "1"]

1. e4 c5 2. Nf3 Nc6 3. d4 cxd4 4. Nxd4 g6 5. Nc3 Bg7 6. Be3 Nf6 7. Be2 0-0 8. Qd2 d5 9. exd5 Nxd5 10. Nxd5 Nxd4 11. Bc4 Nf5 12. c3 e6 13. Nf4 Qc7 14. Qe2 Bh6 15. g3 a6 16. Bd3 Qc6 17. 0-0-0 Nxe3 18. fxe3 e5 19. Ng2 Bh3 20. Nh4 Qa4 21. Bc4 b5 22. Bd5 Bg4 23. Bf3 Bxf3 24. Nxf3 Qxa2 25. Nd2 Rac8 26. Kc2 Rxc3+ 0-1

[Event "Pavlodar-ch School"]
[Site "Pavlodar"]
[Date "2007.09.11"]
[Round "7"]
[White "Ankudinova, Elena"]
[Black "Skurygin, Anton"]
[Result "0-1"]
[WhiteElo "2268"]
[BlackElo "2319"]
[PlyCount "78"]
[EventDate "2007.09.05"]
[EventType "tourn"]
[EventRounds "11"]
[EventCountry "KAZ"]
[SourceTitle "EXT 2022"]
[Source "ChessBase"]
[SourceDate "2021.10.06"]
[SourceVersion "1"]
[SourceVersionDate "2021.10.06"]
[SourceQuality "1"]

1. e4 c6 2. d4 d5 3. Nd2 dxe4 4. Nxe4 Bf5 5. Ng3 Bg6 6. h4 h6 7. Nf3 Nd7 8. h5 Bh7 9. Bd3 Bxd3 10. Qxd3 Ngf6 11. Bd2 Qc7 12. Ne4 Nxe4 13. Qxe4 e6 14. 0-0-0 Bd6 15. g3 0-0-0 16. Qe2 Rhe8 17. Rhe1 f5 18. Qc4 Nb6 19. Qb3 Qf7 20. Ne5 Bxe5 21. Rxe5 Rd5 22. Bf4 Qxh5 23. c4 Rxe5 24. Bxe5 Qe2 25. c5 Nd5 26. Bxg7 Qxf2 27. Bxh6 Rh8 28. Bg7 Rh2 29. Kb1 Rh3 30. Be5 f4 31. Qa3 a6 32. Qd3 Rh2 33. Qb3 f3 34. Bf4 Qe2 35. Bc1 f2 36. Rf1 Qxf1 37. Qf3 Kd7 38. Qf7+ Ne7 39. Qf4 Qxc1+ 0-1

[Event "Novokuznetsk Goriainov Memorial op"]
[Site "Novokuznetsk"]
[Date "2007.08.20"]
[Round "7"]
[White "Skurygin, Anton"]
[Black "Sitnikov, Dmitrij"]
[Result "1/2-1/2"]
[WhiteElo "2319"]
[BlackElo "2406"]
[PlyCount "22"]
[EventDate "2007.08.14"]
[EventType "swiss"]
[EventRounds "9"]
[EventCountry "RUS"]
[SourceTitle "EXT 2009"]
[Source "ChessBase"]
[SourceDate "2008.11.26"]
[SourceVersion "1"]
[SourceVersionDate "2008.11.26"]
[SourceQuality "1"]

1. d4 d5 2. Nf3 c6 3. c4 Nf6 4. cxd5 cxd5 5. Nc3 Nc6 6. e3 a6 7. Ne5 e6 8. f4 Bb4 9. Bd3 Bd7 10. 0-0 Rc8 11. Bd2 0-0 1/2-1/2

[Event "Novokuznetsk Goriainov Memorial op"]
[Site "Novokuznetsk"]
[Date "2007.08.19"]
[Round "6"]
[White "Volodarsky, Yury Aleksandrovic"]
[Black "Skurygin, Anton"]
[Result "1/2-1/2"]
[WhiteElo "2270"]
[BlackElo "2319"]
[PlyCount "22"]
[EventDate "2007.08.14"]
[EventType "swiss"]
[EventRounds "9"]
[EventCountry "RUS"]
[SourceTitle "EXT 2009"]
[Source "ChessBase"]
[SourceDate "2008.11.26"]
[SourceVersion "1"]
[SourceVersionDate "2008.11.26"]
[SourceQuality "1"]

1. e4 g6 2. d4 Bg7 3. Nc3 c6 4. Bc4 d5 5. exd5 b5 6. Bb3 b4 7. Nce2 cxd5 8. Nf3 Nf6 9. 0-0 0-0 10. a3 bxa3 11. Rxa3 Nc6 1/2-1/2